000 nam a22 7a 4500
999 _c7699
_d7699
008 170928b xxu||||| |||| 00| 0 eng d
100 _94185
_aUppal.etal.
245 _aPhysical Education-XI
260 _aNew Delhi
_bFriends
_c2009